000 00502nam a22001697a 4500
999 _c108460
_d108460
005 20181018104854.0
008 181018b ||||| |||| 00| 0 eng d
020 _a9788123928029
040 _cPK-LaUMT
082 _a616.0757
_bBHA-T
100 _aBhargava, Satish K.
245 _aTextbook of radiology for residents & technicians /
_cSatish K. Bhargava and Sumeet Bhargava
250 _a5th ed.
260 _aNew Delhi :
_bCBS Publishers & Distributors,
_c2017
300 _a674 p.
942 _cBK